Business accounting and finance for non-specialists

সংরক্ষণ করুন:
গ্রন্থ-পঞ্জীর বিবরন
বিন্যাস: গ্রন্থ
ভাষা:Undetermined
প্রকাশিত: Australia Thomson 2005
বিষয়গুলি:
ট্যাগগুলো: ট্যাগ যুক্ত করুন
কোনো ট্যাগ নেই, প্রথমজন হিসাবে ট্যাগ করুন!
Thư viện lưu trữ: Trung tâm Học liệu Trường Đại học Cần Thơ
LEADER 00482nam a2200169Ia 4500
001 CTU_100120
008 210402s9999 xx 000 0 und d
020 |c 790000 
082 |a 657.3 
082 |b B977 
245 0 |a Business accounting and finance for non-specialists 
260 |a Australia 
260 |b Thomson 
260 |c 2005 
650 |a Managerial accounting,Managerial economics,Accounting 
904 |i Giang 
980 |a Trung tâm Học liệu Trường Đại học Cần Thơ